[Event "XXX Roquetas de Mar Open 2019"]
[Site "Roquetas de Mar"]
[Date "2019.01.04"]
[Round "4"]
[White "Dardha, Daniel"]
[Black "Gascon Del Nogal, Jose Rafael"]
[Result "1/2-1/2"]
[WhiteElo "2337"]
[BlackElo "2486"]
[Annotator "RC"]
[PlyCount "76"]
[EventDate "2019.01.02"]
[EventType "swiss"]
[EventCountry "ESP"]
[SourceTitle "playchess.com"]
[Source "ChessBase"]
[SourceQuality "1"]
[TimeControl "5400+30"]

1. d4 {[%emt 0:04:13]} Nf6 {[%emt 0:00:00]} 2. Bf4 {[%emt 0:01:06]} c5 {[%emt 0:01:01]} 3. e3 {[%emt 0:00:25]} Qb6 {[%emt 0:00:08]} 4. Nc3 {[%emt 0:01:18]} e6 {[%emt 0:02:17]} 5. a3 {[%emt 0:05:52]} Nc6 {[%emt 0:04:38]} 6. Nf3 {[%emt 0:00:52]} a6 {[%emt 0:05:03]} 7. Be2 {[%emt 0:01:01]} d5 {[%emt 0:01:23]} 8. O-O {[%emt 0:01:03]} Qd8 {[%emt 0:02:45]} 9. dxc5 {[%emt 0:25:17]} Bxc5 {[%emt 0:00:47]} 10. Bd3 {[%emt 0:01:20]} Bd6 {[%emt 0:09:41]} 11. Bg5 {[%emt 0:10:20]} h6 {[%emt 0:01:37]} 12. Bh4 {[%emt 0:00:21]} g5 {[%emt 0:00:54]} 13. Bg3 {[%emt 0:00:12]} Bxg3 {[%emt 0:00:11]} 14. fxg3 {[%emt 0:04:56]} Ng4 {[%emt 0:03:47]} 15. Qd2 {[%emt 0:11:09]} Qb6 {[%emt 0:05:11]} 16. Na4 {[%emt 0:04:28]} Qc7 {[%emt 0:09:56]} 17. Qc3 {[%emt 0:04:38]} Rg8 {[%emt 0:04:20]} 18. e4 {[%emt 0:01:37]} d4 {[%emt 0:04:59]} 19. Nxd4 {[%emt 0:00:21]} Bd7 {[%emt 0:00:04]} 20. Nc5 {[%emt 0:03:51]} Nxd4 {[%emt 0:05:49]} 21. Qxd4 {[%emt 0:00:05]} Bc6 {[%emt 0:00:11]} 22. Be2 {[%emt 0:01:35]} Qe5 {[%emt 0:01:13]} 23. Rad1 {[%emt 0:07:10]} Qxd4+ {[%emt 0:01:12]} 24. Rxd4 {[%emt 0:00:05]} Ne5 {[%emt 0:00:09]} 25. Rfd1 {[%emt 0:00:51]} Rc8 {[%emt 0:02:26]} 26. b4 {[%emt 0:01:24]} Ke7 {[%emt 0:01:01]} 27. Kf2 {[%emt 0:00:56]} Rc7 {[%emt 0:00:54]} 28. Ke3 {[%emt 0:01:18]} Ra8 {[%emt 0:00:18]} 29. Rb1 {[%emt 0:03:28]} a5 {[%emt 0:01:22]} 30. Nd3 {[%emt 0:00:43]} Ng6 {[%emt 0:04:39]} 31. Rc4 {[%emt 0:00:36]} axb4 {[%emt 0:01:05]} 32. axb4 {[%emt 0:00:02]} Ra3 {[%emt 0:05:28]} 33. b5 {[%emt 0:02:35]} Ne5 {[%emt 0:00:38]} 34. Rc5 {[%emt 0:00:06]} Nd7 {[%emt 0:01:19]} 35. Rc4 {[%emt 0:00:46]} Nb6 {[%emt 0:00:10]} 36. Rc5 {[%emt 0:00:16]} Nd7 {[%emt 0:06:51]} 37. Rc4 {[%emt 0:00:11]} Ne5 {[%emt 0:01:12]} 38. Rc5 {[%emt 0:00:09]} Nd7 {[%emt 0:01:46]} 1/2-1/2

[Event "XXX Roquetas de Mar Open 2019"]
[Site "Roquetas de Mar"]
[Date "2019.01.04"]
[Round "4"]
[White "MARTIN CARMONA, Gaston Manuel"]
[Black "Espinosa Aranda, Angel"]
[Result "0-1"]
[WhiteElo "2329"]
[BlackElo "2478"]
[Annotator "ChessBase"]
[PlyCount "85"]
[EventDate "2019.01.02"]
[EventType "swiss"]
[EventCountry "ESP"]
[SourceTitle "playchess.com"]
[Source "ChessBase"]
[SourceQuality "1"]
[TimeControl "5400+30"]

1. d4 {[%emt 0:06:09]} e6 {[%emt 0:00:58]} 2. Nf3 {[%emt 0:01:01]} Nf6 {[%emt 0:01:09]} 3. c4 {[%emt 0:04:25]} a6 {[%emt 0:03:48]} 4. e3 {[%emt 0:01:46]} d5 {[%emt 0:00:05]} 5. Nc3 {[%emt 0:01:51]} dxc4 {[%emt 0:00:08]} 6. Bxc4 {[%emt 0:00:18]} b5 {[%emt 0:00:03]} 7. Be2 {[%emt 0:00:37]} Bb7 {[%emt 0:00:05]} 8. O-O {[%emt 0:01:41]} Nbd7 {[%emt 0:00:43]} 9. b3 {[%emt 0:01:49]} c5 {[%emt 0:04:21]} 10. Bb2 {[%emt 0:01:22]} Be7 {[%emt 0:01:59]} 11. Rc1 {[%emt 0:02:34]} Qb6 {[%emt 0:00:54]} 12. a4 {[%emt 0:11:33]} b4 {[%emt 0:03:29]} 13. Nb1 {[%emt 0:00:28]} O-O {[%emt 0:03:28]} 14. Nbd2 {[%emt 0:00:47]} Rac8 {[%emt 0:00:44]} 15. Nc4 {[%emt 0:01:16]} Qa7 {[%emt 0:01:21]} 16. Nfe5 {[%emt 0:03:59]} Rfd8 {[%emt 0:01:25]} 17. Bf3 {[%emt 0:02:39]} Nxe5 {[%emt 0:12:23]} 18. Nxe5 {[%emt 0:00:46]} Nd5 {[%emt 0:01:51]} 19. Be4 {[%emt 0:09:29]} g6 {[%emt 0:02:45]} 20. Qf3 {[%emt 0:08:45]} f5 {[%emt 0:02:20]} 21. dxc5 {[%emt 0:01:10]} Bf6 {[%emt 0:03:43]} 22. Qh3 {[%emt 0:07:58]} Nc3 {[%emt 0:02:22]} 23. Bxb7 {[%emt 0:14:10]} Qxb7 {[%emt 0:00:38]} 24. Nc4 {[%emt 0:00:28]} Rxc5 {[%emt 0:04:17]} 25. Rfe1 {[%emt 0:01:29]} Rcd5 {[%emt 0:03:06]} 26. Qf3 {[%emt 0:00:41]} Kg7 {[%emt 0:02:23]} 27. h3 {[%emt 0:01:07]} R8d7 {[%emt 0:03:59]} 28. a5 {[%emt 0:02:35]} Rd3 {[%emt 0:01:23]} 29. Nb6 {[%emt 0:00:05]} Qxf3 {[%emt 0:02:52]} 30. gxf3 {[%emt 0:00:02]} R7d6 {[%emt 0:00:50]} 31. Nc4 {[%emt 0:00:28]} R6d5 {[%emt 0:00:11]} 32. e4 {[%emt 0:04:12]} fxe4 {[%emt 0:00:24]} 33. fxe4 {[%emt 0:00:02]} Rh5 {[%emt 0:03:02]} 34. e5 {[%emt 0:01:19]} Bg5 {[%emt 0:00:06]} 35. Ne3 {[%emt 0:00:49]} Bxe3 {[%emt 0:00:40]} 36. fxe3 {[%emt 0:00:23]} Rxe5 {[%emt 0:00:15]} 37. Bxc3 {[%emt 0:00:11]} bxc3 {[%emt 0:00:50]} 38. Kf2 {[%emt 0:00:47]} Rxa5 {[%emt 0:00:28]} 39. Re2 {[%emt 0:00:28]} Rf5+ {[%emt 0:00:45]} 40. Kg3 {[%emt 0:00:39]} Rd2 {[%emt 0:00:26]} 41. Ree1 {[%emt 0:00:52]} c2 {[%emt 0:00:09]} 42. e4 {[%emt 0:00:02]} Rc5 {[%emt 0:00:14]} 43. Re3 {[%emt 0:00:01]} 0-1

[Event "XXX Roquetas de Mar Open 2019"]
[Site "Roquetas de Mar"]
[Date "2019.01.04"]
[Round "4"]
[White "Garcia Martin, Marta"]
[Black "Franco Ocampos, Zenon"]
[Result "1/2-1/2"]
[WhiteElo "2296"]
[BlackElo "2477"]
[Annotator "TA"]
[PlyCount "134"]
[EventDate "2019.01.02"]
[EventType "swiss"]
[EventCountry "ESP"]
[SourceTitle "playchess.com"]
[Source "ChessBase"]
[SourceQuality "1"]

{[%evp 17,134,72,73,68,75,55,73,38,37,30,22,32,41,29,35,-21,33,33,42,14,16,0,64,67,77,88,83,79,97,77,85,67,77,88,88,94,103,50,135,102,143,114,178,126,128,129,167,-29,-29,-83,-89,-93,-79,-243,-256,-1890,-462,-405,-7,-239,-239,-239,-239,-239,-239,-237,-237,-245,-229,-250,-243,-237,-159,-159,-109,-480,-451,-354,-167,-179,-181,-181,-167,-167,-167,-181,0,0,0,-167,0,-167,-167,-160,-75,-481,-337,-306,-298,-265,0,-279,0,-468,-468,-372,-352,-443,-163,-531,-42,-42,-42,-42,0,-42,-42,-42,-42]} 1. e4 c5 2. Nf3 d6 3. d4 cxd4 4. Nxd4 Nf6 5. Nc3 Nc6 6. Bg5 e6 7. Qd2 h6 8. Bxf6 gxf6 9. O-O-O a6 {LiveBook: 149 Games} 10. Nxc6 {B63: Sicilian: Richter-Rauzer: 7...Be7 and unusual Black 7th moves} (10. Kb1 Bd7 11. f4 Qb6 12. Nb3 O-O-O 13. Be2 h5 14. Rhf1 Kb8 15. Rf3 h4 16. Qe1 Be7 17. Bf1 Rh5 18. Rfd3 Bc8 19. Be2 Rhh8 20. Bf3 h3 21. g3 Bd7 {0-1 (65) Vera Siguenas,D (2494)-Adly,A (2620) Batumi 2018}) 10... bxc6 11. Bc4 Bb7 12. Qe2 $146 {White is better.} ({Predecessor:} 12. Rhe1 Qa5 13. f4 h5 14. Kb1 O-O-O 15. g3 d5 16. exd5 cxd5 17. Bb3 d4 {0-1 (31) Diz Suarez,C (1659)-Schroeder,G (2040) Hamburg 2005}) 12... Qa5 13. f4 O-O-O $1 14. Bb3 d5 15. Qh5 Qc7 16. exd5 (16. Rhf1 $14) 16... Qxf4+ (16... cxd5 $11 17. Ne2 Bc5) 17. Kb1 $14 exd5 18. Qxf7 Bd6 19. Ne2 Qe5 (19... Qg4 $11 20. Nd4 Rdf8 21. Qe6+ Qxe6 22. Nxe6 Re8) 20. Nd4 Rd7 21. Qg6 $1 Qg5 22. Qd3 $1 Re8 23. Ba4 Rc7 24. Qh3+ Kb8 25. Ne6 Rxe6 26. Qxe6 Be5 27. g3 (27. Qh3 $16) 27... Ka7 (27... Qg6 $14 28. Qh3 Bc8) 28. Bb3 a5 29. Qe8 Qg7 (29... Qe3 $16 {was called for.} 30. c3 Bc8) 30. Rhe1 (30. c3 $18) 30... Bc8 $16 31. Qd8 Bg4 32. c4 $2 (32. Rd2 $18) 32... Bxd1 $11 33. Rxd1 (33. Bxd1 $11 dxc4 34. Qd2) 33... Qg4 $17 {White must now prevent ...Qe2.} 34. Qf8 {[#] Threatening Qc5+.} Qe4+ $1 $40 {[%mdl 128] Black attacks with force.} 35. Ka1 $2 {[#]} (35. Bc2 $17 {was the only chance.} Qxc4 36. Qa3) 35... c5 $1 $19 36. cxd5 $2 (36. Qxh6 dxc4 37. Qd2 cxb3 38. Qxa5+ Kb8 39. Rd8+ Rc8 40. Qb5+ Qb7 41. Rxc8+ Kxc8 42. Qe8+ Kc7 43. Qf7+ Kb8 44. Qe8+ Ka7 45. Qa4+ Qa6 46. axb3) 36... c4 (36... a4 $142 37. Bxa4 Qxa4) 37. Qa3 Kb6 $2 ({Black should play} 37... cxb3 $19 38. Qxa5+ Kb8 39. Qb6+ Kc8 40. Qa6+ Rb7 41. Rc1+ Kb8) 38. d6 $2 (38. Ba4 $2 c3 $19) (38. Qa4 $1 $11 Qe2 39. Bc2) 38... c3 39. dxc7 cxb2+ 40. Qxb2 Kxc7 ({But not} 40... Bxb2+ 41. Kxb2 Kxc7 42. Kc3) 41. Rc1+ Kd6 42. a4 Qb4 {( -> ...Qa3+)} ({Don't do} 42... Bxb2+ 43. Kxb2 f5 44. Rd1+ Kc7 45. Rc1+ Kd6 46. Rd1+ Kc7 47. Rd2) 43. Ka2 Bxb2 44. Kxb2 {[%mdl 4096] Endgame KQ-KRB} h5 45. Rd1+ Ke7 46. h4 $2 {[%mdl 8192]} (46. Rd5 $17) 46... Qe4 47. Rd5 Qe3 ({Weaker is} 47... Qg2+ 48. Ka3 $19) (47... f5 $142 48. Rb5 Qd4+ 49. Kb1 Qg1+ 50. Kb2 Qxg3 51. Rxa5 f4 52. Re5+ Kf6 53. Rxh5 f3) 48. Bd1 Qxg3 {aiming for ...Qg2+.} 49. Rxh5 Qf2+ 50. Bc2 Qd4+ 51. Kb1 Ke6 52. Bb3+ $1 Ke7 53. Bc2 $1 Qf2 $2 (53... Kd6 $19 54. Ka2 Qc4+ 55. Kb2 Qg4) 54. Rh7+ $2 (54. Kb2 $1 $11 {and White is okay.}) 54... Ke6 55. h5 f5 (55... Qb6+ $142 56. Ka2 Qf2) 56. Rh8 $2 {[%mdl 8192]} (56. Rb7 $17 {is a better chance.}) 56... Qg1+ 57. Ka2 Qh2 58. Kb1 Qg1+ 59. Ka2 Qf2 $2 (59... Qc5 60. Bb3+ Kf6) 60. Kb1 Qe1+ 61. Ka2 {White wants to mate with Re8+.} Qd2 62. Kb1 Kf7 $2 (62... Qb4+ 63. Ka2 Kf6) 63. h6 $2 (63. Rb8) 63... Qd4 $2 (63... Qb4+ $19 64. Ka2 Qc3 {[%mdl 64] Double Attack} 65. Bb3+ Kg6) 64. Rb8 $1 $15 {And now h7 would win.} Qg1+ 65. Kb2 Qd4+ 66. Kb1 {Strongly threatening h7.} Kg6 {[#]} 67. h7 $1 {[%mdl 512]} Kxh7 {Accuracy: White = 33%, Black = 38%.} 1/2-1/2

[Event "XXX Roquetas de Mar Open 2019"]
[Site "Roquetas de Mar"]
[Date "2019.01.04"]
[Round "4"]
[White "Sreeshwan Maralakshikari"]
[Black "Marin, Mihail"]
[Result "1/2-1/2"]
[WhiteElo "2278"]
[BlackElo "2540"]
[Annotator "ChessBase"]
[PlyCount "122"]
[EventDate "2019.01.02"]
[EventType "swiss"]
[EventCountry "ESP"]
[SourceTitle "playchess.com"]
[Source "ChessBase"]
[SourceQuality "1"]
[TimeControl "5400+30"]

1. d4 {[%emt 0:00:00]} e6 {[%emt 0:00:00]} 2. c4 {[%emt 0:00:00]} Bb4+ {[%emt 0:00:00]} 3. Nc3 {[%emt 0:00:00]} b6 {[%emt 0:00:00]} 4. e3 {[%emt 0:00:09]} Bxc3+ {[%emt 0:02:12]} 5. bxc3 {[%emt 0:00:04]} Bb7 {[%emt 0:00:04]} 6. Nf3 {[%emt 0:00:06]} f5 {[%emt 0:00:06]} 7. Bd3 {[%emt 0:00:36]} Nf6 {[%emt 0:00:06]} 8. O-O {[%emt 0:00:42]} O-O {[%emt 0:00:05]} 9. Ne1 {[%emt 0:00:38]} c5 {[%emt 0:00:43]} 10. f3 {[%emt 0:00:16]} Nc6 {[%emt 0:04:20]} 11. Bb2 {[%emt 0:00:55]} Qe7 {[%emt 0:13:56]} 12. Qe2 {[%emt 0:02:58]} d6 {[%emt 0:04:50]} 13. g3 {[%emt 0:16:18]} Rae8 {[%emt 0:20:54]} 14. Ng2 {[%emt 0:00:30]} g6 {[%emt 0:00:24]} 15. Qd2 {[%emt 0:18:46]} Na5 {[%emt 0:09:46]} 16. Rae1 {[%emt 0:03:34]} Qc7 {[%emt 0:04:38]} 17. Qe2 {[%emt 0:05:36]} e5 {[%emt 0:00:29]} 18. e4 {[%emt 0:00:22]} exd4 {[%emt 0:12:25]} 19. cxd4 {[%emt 0:00:06]} cxd4 {[%emt 0:00:37]} 20. Bxd4 {[%emt 0:04:29]} Nc6 {[%emt 0:00:04]} 21. Bxf6 {[%emt 0:10:05]} Rxf6 {[%emt 0:00:06]} 22. Qb2 {[%emt 0:00:04]} Ne5 {[%emt 0:01:27]} 23. exf5 {[%emt 0:00:09]} Ref8 {[%emt 0:00:04]} 24. Be4 {[%emt 0:00:21]} Bxe4 {[%emt 0:00:17]} 25. Rxe4 {[%emt 0:00:27]} Rxf5 {[%emt 0:00:14]} 26. f4 {[%emt 0:01:37]} Nxc4 {[%emt 0:01:09]} 27. Qe2 {[%emt 0:00:13]} d5 {[%emt 0:00:49]} 28. Re7 {[%emt 0:00:06]} Qc5+ {[%emt 0:00:17]} 29. Kh1 {[%emt 0:00:06]} R5f7 {[%emt 0:00:25]} 30. Rxf7 {[%emt 0:07:03]} Rxf7 {[%emt 0:00:19]} 31. f5 {[%emt 0:00:10]} Qe7 {[%emt 0:12:56]} 32. Qd1 {[%emt 0:07:38]} Qe4 {[%emt 0:02:21]} 33. Re1 {[%emt 0:00:51]} Qxf5 {[%emt 0:00:05]} 34. Nf4 {[%emt 0:00:03]} g5 {[%emt 0:03:07]} 35. Nxd5 {[%emt 0:11:26]} Qf3+ {[%emt 0:00:28]} 36. Qxf3 {[%emt 0:00:05]} Rxf3 {[%emt 0:00:02]} 37. Re7 {[%emt 0:00:09]} Rf7 {[%emt 0:00:29]} 38. Re4 {[%emt 0:00:05]} Nd2 {[%emt 0:01:59]} 39. Re2 {[%emt 0:00:27]} Nf3 {[%emt 0:00:19]} 40. Kg2 {[%emt 0:00:03]} Kg7 {[%emt 0:00:35]} 41. a4 {[%emt 0:00:25]} h6 {[%emt 0:00:48]} 42. a5 {[%emt 0:00:32]} bxa5 {[%emt 0:02:04]} 43. Ra2 {[%emt 0:00:06]} Ne1+ {[%emt 0:00:22]} 44. Kg1 {[%emt 0:00:11]} Nf3+ {[%emt 0:00:14]} 45. Kg2 {[%emt 0:00:04]} Ne5 {[%emt 0:01:35]} 46. Rxa5 {[%emt 0:00:05]} Rd7 {[%emt 0:00:25]} 47. Nc3 {[%emt 0:03:32]} Nc4 {[%emt 0:02:00]} 48. Ra4 {[%emt 0:00:40]} Nb6 {[%emt 0:00:45]} 49. Ra6 {[%emt 0:00:05]} Nc8 {[%emt 0:00:45]} 50. h4 {[%emt 0:00:06]} Rd2+ {[%emt 0:00:46]} 51. Kh3 {[%emt 0:00:15]} gxh4 {[%emt 0:01:05]} 52. Kxh4 {[%emt 0:00:04]} Rd6 {[%emt 0:00:06]} 53. Ra5 {[%emt 0:00:14]} a6 {[%emt 0:00:12]} 54. g4 {[%emt 0:00:39]} Ne7 {[%emt 0:00:13]} 55. g5 {[%emt 0:00:17]} hxg5+ {[%emt 0:01:40]} 56. Kxg5 {[%emt 0:00:06]} Kf7 {[%emt 0:00:23]} 57. Kf4 {[%emt 0:00:05]} Rf6+ {[%emt 0:00:43]} 58. Ke3 {[%emt 0:00:12]} Re6+ {[%emt 0:00:09]} 59. Ne4 {[%emt 0:00:24]} Ke8 {[%emt 0:00:09]} 60. Kd3 {[%emt 0:00:04]} Nc6 {[%emt 0:00:13]} 61. Rh5 {[%emt 0:00:12]} Nb4+ {[%emt 0:01:52]} 1/2-1/2

[Event "XXX Roquetas de Mar Open 2019"]
[Site "Roquetas de Mar"]
[Date "2019.01.04"]
[Round "4"]
[White "Manu David Suthandram R"]
[Black "Sadzikowski, Daniel"]
[Result "1/2-1/2"]
[WhiteElo "2252"]
[BlackElo "2534"]
[Annotator "ChessBase"]
[PlyCount "87"]
[EventDate "2019.01.02"]
[EventType "swiss"]
[EventCountry "ESP"]
[SourceTitle "playchess.com"]
[Source "ChessBase"]
[SourceQuality "1"]
[TimeControl "5400+30"]

1. e4 {[%emt 0:04:12]} e6 {[%emt 0:00:00]} 2. Nf3 {[%emt 0:00:18]} d5 {[%emt 0:00:02]} 3. Nc3 {[%emt 0:00:32]} d4 {[%emt 0:00:14]} 4. Ne2 {[%emt 0:00:07]} c5 {[%emt 0:00:06]} 5. c3 {[%emt 0:00:05]} Nf6 {[%emt 0:00:23]} 6. cxd4 {[%emt 0:03:35]} cxd4 {[%emt 0:01:18]} 7. Nexd4 {[%emt 0:02:19]} Nxe4 {[%emt 0:00:35]} 8. Nxe6 {[%emt 0:05:24]} Bxe6 {[%emt 0:00:11]} 9. Qa4+ {[%emt 0:00:05]} Nc6 {[%emt 0:00:04]} 10. Qxe4 {[%emt 0:00:08]} Qd5 {[%emt 0:00:01]} 11. Qxd5 {[%emt 0:11:18]} Bxd5 {[%emt 0:00:55]} 12. b3 {[%emt 0:00:57]} Bc5 {[%emt 0:33:38]} 13. Bc4 {[%emt 0:17:16]} O-O-O {[%emt 0:11:37]} 14. O-O {[%emt 0:01:13]} Bxf3 {[%emt 0:07:31]} 15. gxf3 {[%emt 0:00:06]} Ne5 {[%emt 0:00:13]} 16. d3 {[%emt 0:05:14]} Rhe8 {[%emt 0:13:14]} 17. Be3 {[%emt 0:03:17]} Bd4 {[%emt 0:12:09]} 18. Rac1 {[%emt 0:04:24]} Kb8 {[%emt 0:00:05]} 19. Bf4 {[%emt 0:03:32]} f6 {[%emt 0:07:28]} 20. Kg2 {[%emt 0:00:15]} g5 {[%emt 0:01:36]} 21. Bg3 {[%emt 0:00:04]} f5 {[%emt 0:03:55]} 22. f4 {[%emt 0:00:14]} Nxc4 {[%emt 0:03:44]} 23. dxc4 {[%emt 0:01:12]} g4 {[%emt 0:00:21]} 24. Bh4 {[%emt 0:00:58]} Rd6 {[%emt 0:00:15]} 25. Rfd1 {[%emt 0:03:38]} Re2 {[%emt 0:02:10]} 26. a3 {[%emt 0:02:18]} a5 {[%emt 0:00:38]} 27. b4 {[%emt 0:00:06]} Bb2 {[%emt 0:00:31]} 28. Rxd6 {[%emt 0:00:54]} Bxc1 {[%emt 0:00:01]} 29. Rd8+ {[%emt 0:03:11]} Ka7 {[%emt 0:00:58]} 30. Rd5 {[%emt 0:00:11]} axb4 {[%emt 0:00:29]} 31. axb4 {[%emt 0:00:06]} Re4 {[%emt 0:00:14]} 32. Ra5+ {[%emt 0:00:26]} Kb6 {[%emt 0:00:45]} 33. Bd8+ {[%emt 0:03:27]} Kc6 {[%emt 0:00:01]} 34. Rxf5 {[%emt 0:00:39]} Bxf4 {[%emt 0:01:02]} 35. b5+ {[%emt 0:04:03]} Kd7 {[%emt 0:00:01]} 36. Bh4 {[%emt 0:00:08]} Rxc4 {[%emt 0:00:36]} 37. Rf7+ {[%emt 0:00:03]} Kc8 {[%emt 0:00:31]} 38. Rxh7 {[%emt 0:01:03]} Rb4 {[%emt 0:00:52]} 39. Rg7 {[%emt 0:01:41]} Rxb5 {[%emt 0:00:24]} 40. Rxg4 {[%emt 0:00:07]} Bd6 {[%emt 0:00:33]} 41. Rg7 {[%emt 0:00:45]} Rd5 {[%emt 0:00:24]} 42. Bg3 {[%emt 0:00:47]} b5 {[%emt 0:00:22]} 43. Rg4 {[%emt 0:08:35]} Be7 {[%emt 0:00:32]} 44. Rg8+ {[%emt 0:01:55]} 1/2-1/2

[Event "XXX Roquetas de Mar Open 2019"]
[Site "Roquetas de Mar"]
[Date "2019.01.04"]
[Round "4"]
[White "Garcia Molina, Francisco Miguel"]
[Black "Xu, Yi"]
[Result "0-1"]
[WhiteElo "2237"]
[BlackElo "2528"]
[Annotator "TA"]
[PlyCount "110"]
[EventDate "2019.01.02"]
[EventType "swiss"]
[EventCountry "ESP"]
[SourceTitle "playchess.com"]
[Source "ChessBase"]
[SourceQuality "1"]

{[%evp 13,110,30,45,26,19,19,39,9,17,16,38,21,10,8,14,16,12,0,44,18,10,25,26,-2,0,0,2,-23,-16,-31,-29,-87,-17,-76,-70,-68,-86,-179,-145,-136,-134,-145,-95,-143,-150,-144,-129,-175,-66,-87,-76,-77,-97,-98,-98,-104,-77,-102,-98,-106,-110,-153,-140,-146,-8,-8,0,-31,-24,-166,-181,-229,-235,-252,-279,-270,-204,-391,-382,-438,-379,-788,-767,-2590,-1733,-4921,-4820,-4627,-4627,-4627,-4622,-29981,-29982,-29982,-29983,-29983,-29984,-29986,-29987]} 1. e4 c5 2. Nf3 Nc6 3. Bb5 g6 4. Bxc6 bxc6 5. d4 Bg7 6. dxc5 {B31: Sicilian: 2...Nc6 3 Bb5 g6} Qa5+ 7. Nbd2 Ba6 {LiveBook: 9 Games} 8. a3 {White is slightly better.} Qxc5 9. c4 Nf6 10. Qa4 $146 ({Predecessor:} 10. b4 Qb6 11. O-O O-O 12. Bb2 d6 13. Qc2 {1-0 (35) Nepomniachtchi,I (2759)-Dubov,D (2703) Sochi 2018}) 10... Qb6 11. O-O c5 12. b4 Bb7 13. Bb2 O-O 14. Rfe1 d6 15. Rab1 Bc6 16. b5 Bb7 17. Qc2 e5 18. a4 Nh5 19. Bc3 Rab8 20. Nb3 Qc7 $1 21. Rbd1 f5 22. Qd2 (22. Na5 $11) 22... Rf6 (22... fxe4 $17 23. Ng5 Bh6) 23. exf5 (23. Na5 $11 {keeps the balance.}) 23... Bxf3 $1 $17 24. gxf3 {With the idea Qd5+.} Nf4 25. Re4 (25. Kh1 $17 {was the only defense.}) 25... Bh6 {Hoping for ...Nh3+.} 26. Rxf4 Bxf4 27. Qd5+ Kh8 28. fxg6 Qg7 29. Kf1 Qxg6 30. Rd3 {[#]} Qh5 ({Better is} 30... Rg8 $1 $19 {...Qg1+ is the strong threat.} 31. Ke2 Qg1) 31. Ke2 $15 Qxh2 32. Nd2 {[#]} Bxd2 $1 33. Bxd2 Qg1 34. a5 Qg7 35. Qe4 Qf7 36. Ra3 Kg8 {[#]} 37. b6 $1 {[%mdl 512]} axb6 38. a6 {[#]} d5 $1 39. cxd5 $11 {Black must now prevent a7.} Rd6 40. a7 Ra8 41. Qxe5 (41. f4 $1 $11 {and White is okay.}) 41... Qxd5 $19 42. Qxd5+ Rxd5 $11 {[%mdl 4096] Endgame KRR-KRB} 43. Bf4 Rd7 44. Bb8 Rb7 45. Kd3 $2 (45. Kd2 {keeps fighting.}) 45... b5 $19 {[%cal Bb6b5,Bb5b4,Bb4b3,Bb3b2][%mdl 32]} 46. Ra6 b4 47. Kc4 $2 (47. Kc2 c4 48. Kb2) 47... b3 {Threatens to win with ...b2.} 48. Ra1 b2 49. Rb1 Rbxb8 50. axb8=Q+ Rxb8 51. Kxc5 {KR-KR} h5 {[%cal Bh7h5,Bh5h4,Bh4h3,Bh3h2][%mdl 32]} 52. Kc4 h4 {Black mates.} 53. Kc3 h3 54. Kc2 h2 55. f4 Rc8+ {Accuracy: White = 22%, Black = 63%.} 0-1